La tauromaquia (Record no. 71197)

MARC details
000 -LEADER
campo de control de longitud fija 00588nam a2200193 i 4500
001 - NÚMERO DE CONTROL
campo de control 71197
003 - IDENTIFICADOR DE NÚMERO DE CONTROL
campo de control ES-MaACL
005 - FECHA Y HORA DE LA ÚLTIMA TRANSACCIÓN
campo de control 20250805064137.0
007 - CAMPO FIJO DE DESCRIPCIÓN FÍSICA--INFORMACIÓN GENERAL
campo de control de longitud fija t|
008 - DATOS DE LONGITUD FIJA--INFORMACIÓN GENERAL
campo de control de longitud fija 040806s1960 sp |||| | spa d
100 1# - ENTRADA PRINCIPAL--NOMBRE DE PERSONA
Nombre de persona Gautier, Théophile,
Fechas asociadas al nombre 1811-1872
9 (RLIN) 170960
245 13 - MENCIÓN DEL TÍTULO
Título La tauromaquia
Resto del título = La tauromachie /
Mención de responsabilidad, etc. Teófilo Gautier.
260 ## - PUBLICACIÓN, DISTRIBUCIÓN, ETC.
Lugar de publicación, distribución, etc. Madrid :
Nombre del editor, distribuidor, etc. Unión de Bibliófilos Taurinos,
Fecha de publicación, distribución, etc. 1960.
300 ## - DESCRIPCIÓN FÍSICA
Extensión 40 p. ;
Dimensiones 24 cm.
650 04 - PUNTO DE ACCESO ADICIONAL DE MATERIA--TÉRMINO DE MATERIA
Término de materia o nombre geográfico como elemento de entrada Tauromaquia.
9 (RLIN) 17288
710 2# - ENTRADA AGREGADA--NOMBRE DE ENTIDAD CORPORATIVA
Nombre de entidad corporativa o nombre de jurisdicción como elemento de entrada Unión de Bibliófilos Taurinos.
9 (RLIN) 7005
852 ## - LOCALIZACIÓN
Ubicación ES-MaACL
Número de control de estantería 2022-F-29
Holdings
Estatus retirado Estado de pérdida Estado de daño No para préstamo Colección Biblioteca de origen Biblioteca actual Ubicación en estantería Fecha de adquisición Fuente de adquisición Total de préstamos Signatura topográfica completa Código de barras Visto por última vez Precio de reemplazo Tipo de ítem Koha
        Colección de folletos Biblioteca del Ateneo de Madrid Biblioteca del Ateneo de Madrid Depósito folletos 17/01/2008     2022-F-29 1074547 23/02/2023 23/02/2023 Folleto